Typing Challenge III Quiz Stats

Quiz Updated Jun 23, 2016

Also try: Typing Challenge
Challenge
Share
Tweet
Embed
Score 0/52 Timer 01:00
18 Plays Today
Type This Typed % Correct
????
100%
????
99%
????
98.3%
????
97.7%
????
97.3%
????
97%
????
96.6%
????
96.3%
????
95.9%
????
95.2%
????
94.2%
????
93.5%
????
92.1%
????
91.1%
????
90%
????
88.6%
????
87.2%
????
84.8%
????
82.5%
????
79.3%
????
76.5%
????
73.8%
????
70.4%
????
67%
????
64.1%
????
61.3%
Type This Typed % Correct
????
58.6%
????
55.8%
????
52.9%
????
50.3%
????
47.7%
????
44.7%
????
42.1%
????
39.5%
????
36.8%
????
33.7%
????
31%
????
28.4%
????
25.7%
????
23%
????
21%
????
18.5%
????
16.2%
????
14.5%
????
12.6%
????
11%
????
9.3%
????
7.9%
????
6.6%
????
5.4%
????
4.3%
????
3.5%

You're not logged in!

Compare scores with friends on all Sporcle quizzes.
Sign Up with Email
OR
Log In

You Might Also Like...

Show Comments

Extras

Top Quizzes Today


Score Distribution

Your Account Isn't Verified!

In order to create a playlist on Sporcle, you need to verify the email address you used during registration. Go to your Sporcle Settings to finish the process.